000 00191nam a2200073Ia 4500
008 170524s9999 xx 000 0 und d
100 _aZIKMUND- WILLIAM G
245 0 _aESSENTIALS OF MARKETING RESEARCH
260 _bN Y:THOMSON
999 _c8524
_d8524